000 01019naa a22003137a 4500
001 BR9512125
003 BR-BrBNA
005 20240918181451.0
007 ta
008 230509b bl.||||| |||| 00| 0 por d
040 _aBR-BrBNA
_bpor
_cBiblioteca Nacional de Agricultura
041 _a(Pt)
072 _aH10
_b0430
_b4020
090 _aH10 BR9512125
100 1 _aBarbosa, S.
100 1 _aBraga Sobrinho, R.
100 1 _aCarvalho, R.P.L.
100 1 _aMartin, L.F.
100 1 _aLukefahr, M.J.
245 1 _aO bicudo do algodoeiro no Brasil - Opcoes sugeridas para um programa de erradicacao
260 3 _a[np](Brasil):
_c[nd].
500 _aBarbosa, S. Coletanea de artigos sobre o bicudo, no. 1 [np](Brasil): [nd]. p. 19-34 (BR9512125-AM)H10
650 _aAlgodao
650 _aBicudo
650 _aErradicacao
773 0 _tColetanea de artigos sobre o bicudo, no. 1
_aBarbosa, S.
_wH10 BR9512125
_g[np](Brasil), [nd]. p. 19-34
909 _a202404
_bLucia
_c55
_dLucia Elande
942 _cAM
_2AGRIS
999 _c325388
_d325388